000 00496nam a22001577a 4500
008 150304b xxu||||| |||| 00| 0 eng d
020 _a9780892540105
050 _aML169.M3
100 _aMcClain, Ernest G
_915736
245 _aPythagorean Plato :
_bprelude to the song itself
_c/ by Ernest G. McClain
260 _aMaine, USA
_bNicholas-Hays
_c1978
300 _av.192p. ;
_c23cm.
650 _aPlato
_915737
650 _aPythagoras and pythagorean school
_915738
942 _2lcc
_cMONOGRAPH
999 _c122260
_d122260